000 00806nam a22002657a 4500
003 CHAP
005 20220329134141.0
008 971013s1955 r 00010 d
010 _a16182
011 _a17154
035 _a21237
040 _cCHAP
082 _a628.54
_bG87
100 0 0 _aGurnham, Charles Frederich.
_951546
245 _aPrinciples of industrial waste treatment
260 _aNew York :
_bWiley,
_c1955
300 _a399 p.
_b: ilus
590 _aBATCH-UPD
_b10
_c20130109
_lUCH01
_h2324
590 _aCONVERSION
_b10
_c20130109
_lUCH01
_h1310
650 1 4 _aDesperdicios
_xIndustria.
_932173
901 _aBK
942 _cLIBRO
949 _a628.54 G87
_bBC
_cLIBRO
_d33724000025847
_eLIBRO
_h19241
_i21237
_si
949 _a628.54 G87
_bBC
_cLIBRO
_d33724000025854
_eLIBRO
_fc.2
_h19242
_i21237
_si
999 _c16182
_d16182